000
00329pab a2200145 454500
008
180718b1983 xxu||||| |||| 00| 0 eng d
100
_a
Callender, A.C.
245
_a
Computer terminal skills
260
_c
1983
300
_a
62-4
362
_a
Feb.
650
_a
Computers
773
_a
Management in Government
909
_a
6302
999
_c
6302
_d
6302